Statistics for British Cities with the Most Tourists

Click here to take the quiz!

General Stats

  • This quiz has been taken 24,206 times
    (11,794 since last reset)
  • The average score is 11 of 15

Answer Stats

# Visits Answer % Correct
19.1 mLondon
100%
1.41 mManchester
97%
803 kLiverpool
93%
2.36 mEdinburgh
92%
837 kGlasgow
90%
1.10 mBirmingham
85%
342 kCardiff
80%
344 kLeeds
73%
526 kOxford
66%
547 kCambridge
62%
278 kYork
62%
598 kBristol
60%
459 kBrighton and Hove
53%
348 kBath
50%
313 kInverness
34%

Score Distribution

Percentile by Number Answered

Percent of People with Each Score

Your Score History

You have not taken this quiz since the last reset